000
00450nam a2200145Ia 4500
008
100204s9999 xx 000 0 und d
082
_b
4250
100
_a
ठकार अंजली
245
_a
मन वढाय वढाय
260
_b
"निशान्त प्रकाशन , पुणे"
_c
1977
300
_a
142
630
_a
मन वढाय वढाय
730
_a
मन वढाय वढाय
942
_c
BOOK
999
_c
449040
_d
449037